000 00909cab a22002055a 4500
001 L157701
008 130318e20130316xxk 000 0 eng d
035 _a(Sirsi) u157701
041 0 _aeng
100 1 _aPinnock, Roy
245 0 0 _aHow to live with the levy
260 _c2013
490 _aEstates Gazette
_v(1311) 16 March 2013, 76-77(2)
520 _aConsiders areas for further reform for the Community Infrastructure Levy (CIL) following the changes that have come into force on 28 November 2012. These make the CIL more effective by ensuring that applications to vary conditions, extend time limits or make minor material amendments to planning permissions do not create further liability but more changes are needed to address further problems.
590 _aKA
651 4 _aEngland and Wales
_y1543-
690 _aPlanning and development
_96259
700 1 _aAshworth, Stephen
942 _n0
999 _c84438
_d84438